| 000 | 01205cam a2200301 a 4500 | ||
|---|---|---|---|
| 003 | EG-GiCUC | ||
| 008 | 110523s1986 ua g 000 0 ara d | ||
| 017 |
_a86/7687 _bمصر . دار الكتب |
||
| 020 | _a9771350420 | ||
| 040 |
_aEG-GiCUC _bara _cEG-GiCUC |
||
| 043 | _an-us--- | ||
| 050 | 4 |
_aE840.8.K58 _bH84 1986 |
|
| 092 | 0 | 4 |
_a973.924092 _bH985 1986 _221 |
| 099 |
_a04 _a973.924092 H985 1986 |
||
| 100 | 1 | _aهويدى : امين | |
| 245 | 1 | 0 |
_aكيسنجر وادارة الصراع الدولى : _bفيتنام . الوفاق الدولى . ايلول الاسود . حرب اكتوبر73 / _cامين هويدى |
| 250 | _aط2 | ||
| 260 |
_aالقاهرة : _b دار الموقف العربى: _c1986 |
||
| 300 |
_a343ص؛ _c24سم |
||
| 504 | _aيشتمل على ارجاعات ببليوجرافية | ||
| 600 | 1 | 0 |
_aكيسنجر : هنرى : _d1923- |
| 651 | 7 |
_aالولايات المتحدة الامريكية _xالعلاقات الخارجية _y1969-1974 _2qrmak |
|
| 902 | _a 1 | ||
| 905 |
_aايمان _eمراجع |
||
| 905 |
_aعبير _eمدخل |
||
| 942 |
_2ddc _cBK |
||
| 999 |
_c122664 _d122664 |
||